A pulseira misteriosa (Registo nº 1973)
[ vista simples ]
| 000 -Etiqueta do registo | |
|---|---|
| Cabeçalho | 01006nam a22003251 4500 |
| 005 - Identificador da versão | |
| Campo de controlo | 20240813121921.0 |
| 095 ## - | |
| -- | PTBN00210083 |
| 021 ## - Número do Depósito Legal | |
| Código do país | PT |
| 100 ## - Dados gerais de processamento | |
| Dados gerais de processamento | 20070619d1973 de y0pory5003 ba |
| 102 ## - Pais de publicação ou produção | |
| País de publicação | Portugal |
| 101 1# - Língua de publicação | |
| Língua do texto, banda sonora, etc. | Português |
| Língua do documento no original | Francês |
| 106 ## - Campo de dados codificados: material textual | |
| Dados codificados do material textual | r |
| 105 ## - Campo de dados codificados: livros | |
| Dados codificados dos livros | a z 001ay |
| 215 ## - Descrição física | |
| Indicação específica da natureza do documento e extensão da espécie | 219, [12] p. |
| Outras indicações físicas | il. |
| Dimensões | 21 cm |
| 200 1# - Titulo e menção de responsabilidade | |
| Título próprio | A pulseira misteriosa |
| Primeira menção de responsabilidade | Serge Dalens |
| Outras menções de responsabilidade | trad. Laura Maria Álvares-Ribeiro Pacheco |
| -- | il. Pierre Joubert |
| 225 2# - Colecção | |
| Título próprio da colecção | Safari |
| Indicação de volume | 7 |
| 210 ## - Publicação, Distribuição, etc. | |
| Lugar da edição, distribuição, etc. | Lisboa |
| Nome do editor, distribuidor, etc. | Verbo |
| Data da publicação, distribuição, etc. | [1973] |
| 300 ## - Notas gerais | |
| Texto da nota | Esta obra é a primeira parte de O Príncipe Eric |
| 517 1# - Outras variantes do título | |
| Variant Title | <O >Príncipe Eric |
| 606 ## - Nome comum usado como assunto | |
| Número de registo de entrada de autoridade | 0000620 |
| Palavra de ordem | Literatura estrangeira juvenil |
| Subdivisão de assunto | Romence de aventuras |
| 675 ## - Classificação Decimal Universal (CDU) | |
| Notação | 82-311.3 |
| Edição | 2ª |
| Língua da edição | por |
| 702 #1 - Nome de autor-pessoa física (responsabilidade secundária) | |
| Número de registo de entrada de autoridade | 0000622 |
| Palavra de ordem | Pacheco |
| Outra parte do nome não tomada para palavra de ordem | Laura Maria Álvares Ribeiro |
| Código de função | Tradutor |
| Número de registo de entrada de autoridade | 0000623 |
| Palavra de ordem | Joubert |
| Outra parte do nome não tomada para palavra de ordem | Pierre |
| Código de função | Ilustrador / Técnico de desenho computorizado |
| 700 #1 - Nome de autor-pessoa física (responsabilidade principal) | |
| Número de registo de entrada de autoridade | 0000621 |
| Palavra de ordem | Dalens |
| Outra parte do nome não tomada para palavra de ordem | Serge |
| Elementos de identificação ou distinção | pseud. |
| 942 ## - Elementos de entrada adicionados (Koha) | |
| Tipo de item no Koha | Livro |
| Situação do levantamento | Origin of item (home branch) (coded) | Biblioteca de empréstimo | Código de barras | Cota | Circulation type (not for loan) | Tipo de documento | Nota do exemplar | Damaged status |
|---|---|---|---|---|---|---|---|---|
| Biblioteca Escolar da Coca Maravilhas | Biblioteca Escolar da Coca Maravilhas | BECM2600/94 | 8EST DAL | Livro | Sem mensagem |
